A dinâmica do inconsciente (Registo nº 5953)
[ vista simples ]
| 000 -Etiqueta do registo | |
|---|---|
| Valores | 00879nam a2200241 4500 |
| 010 ## - Número ISBN | |
| ISBN | 85.326.0360-2 |
| 100 ## - Dados gerais de processamento | |
| Dados gerais | 20211231d1991 m||y0pory5003 ba |
| 200 1# - Titulo e menção de responsabilidade | |
| Título próprio | A dinâmica do inconsciente |
| Primeira menção de responsabilidade | C. G.Jung |
| Outras menções de responsabilidade | trad. Mateus Ramalho Rocha |
| 205 ## - Menção da edição | |
| Edição | 2ª ed. |
| 210 ## - Publicação | |
| Local de publicação | Petrópolis |
| Nome do editor | Vozes |
| Data de publicação | 1991 |
| 215 ## - Descrição física | |
| Paginação / Volumes | 588 p. |
| 225 2# - Colecção | |
| Título próprio da colecção | Obras completas de C. G. Jung |
| Indicação de volume | 8 |
| 304 ## - Nota relativa ao título | |
| Texto de nota | Tít. orig.: Die dynamik des unbewussten |
| 330 ## - Sumário ou Resumo | |
| Texto da nota | "A Dinâmica do Inconsciente" é uma orientação em profundidade sobre o desenvolvimento e concepção teórica dos conceitos empíricos comuns sobre a Psicologia Analítica. |
| 606 ## - Nome comum usado como assunto | |
| ID Autoridade | 579 |
| Palavra de ordem | Psicologia |
| 675 ## - CDU | |
| Notação | 159.96 |
| Edição | BN |
| Língua | por |
| 700 ## - Autor principal (pessoa individual) | |
| Apelido | Jung |
| Nome | Carl Gustav |
| Datas | 1875-1961 |
| ID Autoridade | 4312 |
| 702 ## - Autor secundário (pessoa individual) | |
| Apelido | Rocha |
| Nome | Mateus Ramalho |
| ID Autoridade | 5638 |
| Datas | 1925-1999 |
| 801 #0 - Fonte de origem | |
| País | PT |
| Agência | BMVN |
| Regras de catalogação | RPC |
| 830 ## - Notas gerais do catalogador | |
| Criado por | Inês Silva |
| Data de criação | 31/12/2021 |
| 990 ## - Elementos KOHA | |
| Tipo de documento | Livro |
| Situação do levantamento | Biblioteca de origem | Código de barras | Cota | Permissão de empréstimo | Tipo de documento | Forma de aquisição |
|---|---|---|---|---|---|---|
| Biblioteca Municipal de Vendas Novas | 100000008834 | PH JUN/DIN | Livro |